000 00720nam a2200265Ia 4500
001 20131
005 20240114000503.0
007 ta
008 060220s1950 a g b000 u 465 u
040 _aCotton College,Assam
041 _a465
082 _a820.9
_bW 527 C
100 _aWestland, Peter .
245 0 _aContemporary Literature 1880-1950 Vol. 6 /
_cPeter Westland.
_hTextual Documents
250 _a1st ed. /
260 _aLondon :
_bThe English Universities Press Ltd ,
_c1950.
300 _a264p. :
_bill ;
_c17cm .
504 _aIndex
653 _aEnglish Literature-Criticism
653 _aG-English
942 _2ddc
_cBK
999 _c20113
_d20113